Kassa Szinház és Dóm

Zobrazenie: Pohľad v bielom orámovaní sprava z výšky na divadlo, vľavo rad budov, vpravo v úzadí Dóm sv. Alžbety, v popredí vrcholky stromov v parčíku a kiosk

Bibliographic Details
Format: Postcard
Language:Hungarian
PhysicalDescription:1 pohľadnica čiernobiela 9 x 14 cm
Published: Kassa Fried [1946?]
Subjects:

MARC

LEADER 00000ckm a2200000 a 4500
001 vtls011602003
003 SK-MaSNL
005 20260512130340.0
007 kp bo
008 240703q1946 xo g kuhun
015 |a SNBG1946072 
035 |a urn:nbn:sk:snk-km00dv2j 
035 |a urn:nbn:sk:snk-km3lszn 
035 |a E6938A4A-F23E-4181-A614-0DBB9F4A2A4D 
040 |a SNK  |b slo  |c SNK  |e AACR2 
041 0 |a hun 
043 |a e-xo--- 
044 |a xo  |c SK 
072 7 |a 913  |x Regionálna geografia  |2 konspekt 
080 |a 913(437.6)  |2 2011 
080 |a 726:27-523.41  |2 2011 
080 |a 792.05  |2 2011 
080 |a 904(084.121)  |2 2011 
245 0 0 |a Kassa  |h grafika  |b Szinház és Dóm 
260 |a Kassa  |b Fried  |c [1946?] 
300 |a 1 pohľadnica  |b čiernobiela  |c 9 x 14 cm 
500 |a Názvové údaje prevzaté z obrazovej časti pohľadnice 
520 8 |a Zobrazenie: Pohľad v bielom orámovaní sprava z výšky na divadlo, vľavo rad budov, vpravo v úzadí Dóm sv. Alžbety, v popredí vrcholky stromov v parčíku a kiosk 
610 2 7 |a Dóm sv. Alžbety (Košice, Slovensko)  |2 SNKKA  |9 34070 
610 2 7 |a Národné divadlo v Košiciach  |2 SNKKA  |9 35765 
650 0 7 |a katedrály  |2 SNKPH  |9 3032 
650 0 7 |a divadlá  |2 SNKPH  |9 29113 
651 7 |a Košice (Slovensko)  |2 SNKPHgeo  |9 18694 
655 7 |a miestne pohľadnice  |2 SNKPH  |9 70510 
655 7 |a pohľadnice kultúrnych pamiatok  |2 SNKPH  |9 70523 
752 |a Slovensko  |d Košice 
852 |a Slovenská národná knižnica 
958 |a EUIPO 
958 |a GBN 
958 |a GC 
958 |a OND 
999 |c 1192128  |d 1194058 
952 |a SNK  |b SNK  |y PREZ  |7 0  |p 17A1208372  |o snkSP 16263  |z Pohľadnica prešla poštou.  |0 0  |1 0  |4 0  |d 2017-01-02  |f 1  |l 0  |r 2026-02-24 22:15:22  |w 2026-02-24